El rojo emblema del valor / (Registro nro. 8608)
[ vista simple ]
| 000 -LEADER | |
|---|---|
| fixed length control field | 00950nam a22003137a 4500 |
| 001 - CONTROL NUMBER | |
| control field | 0074 |
| 003 - CONTROL NUMBER IDENTIFIER | |
| control field | DO-SdBNP |
| 005 - DATE AND TIME OF LATEST TRANSACTION | |
| control field | 20180202104536.0 |
| 007 - PHYSICAL DESCRIPTION FIXED FIELD--GENERAL INFORMATION | |
| fixed length control field | 0074 |
| 008 - FIXED-LENGTH DATA ELEMENTS--GENERAL INFORMATION | |
| fixed length control field | 151106b sp 1981 ||||| |||| 00| 0 spa d |
| 020 ## - INTERNATIONAL STANDARD BOOK NUMBER | |
| International Standard Book Number | 8475250009 |
| 040 ## - CATALOGING SOURCE | |
| Original cataloging agency | BPMSU |
| Language of cataloging | spa |
| Transcribing agency | BPMSU |
| 041 17 - LANGUAGE CODE | |
| Language code of text/sound track or separate title | spa |
| Language code of original | eng |
| 100 1# - MAIN ENTRY--PERSONAL NAME | |
| Personal name | Crane, Stephen, |
| Dates associated with a name | 1871-1900 |
| 245 13 - TITLE STATEMENT | |
| Title | El rojo emblema del valor / |
| Linkage | Stephen Crane ; traducción Micaela Missiego ; ilustración Charles Mozley |
| 246 10 - VARYING FORM OF TITLE | |
| Institution to which field applies | The red badge of courage |
| 260 ## - PUBLICATION, DISTRIBUTION, ETC. (IMPRINT) | |
| Place of publication, distribution, etc. | Madrid, España : |
| Name of publisher, distributor, etc. | Anaya, |
| Date of publication, distribution, etc. | 1981. |
| 300 ## - PHYSICAL DESCRIPTION | |
| Extent | 223 p. : |
| Other physical details | il., |
| Dimensions | 20 cm. |
| 490 1# - SERIES STATEMENT | |
| Series statement | Tus libros |
| 490 1# - SERIES STATEMENT | |
| Series statement | Tu problematica |
| 504 ## - BIBLIOGRAPHY, ETC. NOTE | |
| Bibliography, etc | Incluye referencias bibliográficas y notas al pie de las páginas |
| 700 12 - ADDED ENTRY--PERSONAL NAME | |
| Personal name | Missiego, Micaela, |
| Relator term | tr. |
| 700 12 - ADDED ENTRY--PERSONAL NAME | |
| Personal name | Mozley, Charles, |
| Relator term | il. |
| 830 #0 - SERIES ADDED ENTRY--UNIFORM TITLE | |
| Uniform title | Tus libros |
| 830 #0 - SERIES ADDED ENTRY--UNIFORM TITLE | |
| Uniform title | Tu problematica |
| 942 ## - ADDED ENTRY ELEMENTS (KOHA) | |
| Source of classification or shelving scheme | Dewey Decimal Classification |
| Koha item type | Libros |
| 945 ## - LOCAL PROCESSING INFORMATION (OCLC) | |
| a | Inventariado, 2018 /LP |
| 956 ## - LOCAL ELECTRONIC LOCATION AND ACCESS (OCLC) | |
| Host name | Brenda Tavárez |
| Access number | 10 |
| Withdrawn status | Lost status | Source of classification or shelving scheme | Damaged status | Not for loan | Collection code | Home library | Current library | Date acquired | Source of acquisition | Total Checkouts | Barcode | Date last seen | Price effective from | Koha item type |
|---|---|---|---|---|---|---|---|---|---|---|---|---|---|---|
| Dewey Decimal Classification | Colección General | Biblioteca Pública Metropolitana Salomé Ureña | Biblioteca Pública Metropolitana Salomé Ureña | 11/06/2015 | FUNDI | BPMSU15110134 | 11/06/2015 | 11/06/2015 | Libros |